Тезисы докладов и сообщений. [1]: Секция развития и размещения химической промышленности СССР (Запись № 6036453)
[ простой вид ]
| 000 -МАРКЕР | |
|---|---|
| контрольное поле | 02168nam2a22002531 4500 |
| 001 - ИДЕНТИФИКАТОР ЗАПИСИ | |
| контрольное поле | rc\3538150 |
| 005 - ИДЕНТИФИКАТОР ВЕРСИИ | |
| контрольное поле | 20250610015345.0 |
| 021 ## - НОМЕР ГОСУДАРСТВЕННОЙ РЕГИСТРАЦИИ | |
| Код страны | Российская Федерация |
| Номер | Рг9714-74 |
| 021 ## - НОМЕР ГОСУДАРСТВЕННОЙ РЕГИСТРАЦИИ | |
| Код страны | Российская Федерация |
| Номер | 74-67455 |
| 035 ## - ДРУГИЕ СИСТЕМНЫЕ НОМЕРА | |
| Идентификатор записи | (NLR Aleph) 007632316 |
| 100 ## - ДАННЫЕ ОБЩЕЙ ОБРАБОТКИ | |
| Данные общей обработки | 20130115d1974 |||y0rusy50 ca |
| 101 0# - ЯЗЫК РЕСУРСА | |
| Язык текста, звукозаписи и т.д. | русский |
| 102 ## - СТРАНА ПУБЛИКАЦИИ ИЛИ ПРОИЗВОДСТВА | |
| Страна публикации | Российская Федерация |
| 105 ## - ПОЛЕ КОДИРОВАННЫХ ДАННЫХ: ТЕКСТОВЫЕ МАТЕРИАЛЫ, МОНОГРАФИЧЕСКИЕ | |
| Кодированные данные о монографическом текстовом документе | y z ||||| |
| 200 1# - ЗАГЛАВИЕ И СВЕДЕНИЯ ОБ ОТВЕТСТВЕННОСТИ | |
| Основное заглавие | Секция развития и размещения химической промышленности СССР |
| 210 ## - ПУБЛИКАЦИЯ, РАСПРОСТРАНЕНИЕ И ДР. | |
| Дата издания, распространения и т.д. | 1974 |
| Место издания, распространения и т.д. | Б. м. |
| 215 ## - ФИЗИЧЕСКАЯ ХАРАКТЕРИСТИКА | |
| Специфическое обозначение материала и объем | 152 с. |
| 461 #0 - УРОВЕНЬ НАБОРА | |
| Встроенное поле | 001rc\3538149 |
| -- | 2001#$aТезисы докладов и сообщений$e[1] -$fНауч. совет по комплексной проблеме "Оптим. планирование и упр. нар. хоз-вом" АН СССР. Науч.-исслед. ин-т техн.-экон. исследований (НИИТЭХим). Центр. экон.-мат. ин-т (ЦЭМИ) АН СССР. III Всесоюз. совещание по экон. проблемам развития хим. пром-сти и химизации нар. хоз-ва. Окт. 1974 г.$v[1] |
| Системный номер (АБИС) связанной записи | 6036446 |
| Автор | Всесоюзное совещание по экономическим проблемам развития химической промышленности и химизации народного хозяйства (3 ; 1974 ; Москва) |
| Место публикации | Москва |
| Дата публикации | 1974- |
| Первые сведения об ответственности | Науч. совет по комплексной проблеме "Оптим. планирование и упр. нар. хоз-вом" АН СССР. Науч.-исслед. ин-т техн.-экон. исследований (НИИТЭХим). Центр. экон.-мат. ин-т (ЦЭМИ) АН СССР. III Всесоюз. совещание по экон. проблемам развития хим. пром-сти и химизации нар. хоз-ва. Окт. 1974 г. |
| Имя издателя, распространителя и т.д. | Науч.-исслед. ин-т техн.-экон. исследований НИИТЭХим |
| Сведения, относящиеся к заглавию | [1] - |
| Заглавие | Тезисы докладов и сообщений |
| Номер тома | [1] |
| 801 #0 - ИСТОЧНИК ЗАПИСИ | |
| Страна | Российская Федерация |
| Организация | NLR |
| Правила каталогизации | psbo |
| 801 #1 - ИСТОЧНИК ЗАПИСИ | |
| Страна | Российская Федерация |
| Организация | ELAR |
| Источник данных | rusmarc |
| 852 ## - МЕСТОНАХОЖДЕНИЕ И ШИФР ХРАНЕНИЯ | |
| Идентификатор организации | NLR |
| Шифр хранения (Call Number) | 74-5/1783 |
| 942 ## - ДОПОЛНИТЕЛЬНЫЕ ЭЛЕМЕНТЫ ЗАПИСИ (АБИС) | |
| Тип экземпляра АБИС | Книга |
| 980 ## - КОЛЛЕКЦИЯ | |
| Название коллекции | Национальная библиография |
| Тип экземпляра | Дата поступления | Библиотека постоянного хранения | Библиотека текущего хранения | Место хранения | Шифр хранения | Штрих-код | Статус экземпляра |
|---|---|---|---|---|---|---|---|
| Книга | 26.10.2013 | РНБ (Московский) | РНБ (Московский) | Русский книжный фонд: издания с 1957 года | 74-5/1783 | 7632316-10 |